[Event "SVK-chT U20 final"]
[Site "Trnava"]
[Date "2018.05.06"]
[Round "4.1"]
[White "Sahidi, Samir"]
[Black "Batora, Matej"]
[Result "1/2-1/2"]
[WhiteElo "2282"]
[BlackElo "1919"]
[PlyCount "106"]
[EventDate "2018.05.04"]
[EventType "team-tourn"]
[EventRounds "5"]
[EventCountry "SVK"]
[SourceTitle "EXT 2019"]
[Source "ChessBase"]
[SourceDate "2018.10.10"]
[SourceVersion "1"]
[SourceVersionDate "2018.10.10"]
[SourceQuality "1"]
[WhiteTeam "Modranka Komplet"]
[BlackTeam "Nitra Junior"]
[WhiteTeamCountry "SVK"]
[BlackTeamCountry "SVK"]

1. e4 c5 2. Nf3 d6 3. c4 Nf6 4. Nc3 e5 5. g3 Be7 6. Bg2 0-0 7. 0-0 Nc6 8. a3 Bg4 9. h3 Bd7 10. d3 a6 11. Rb1 Rb8 12. b4 cxb4 13. axb4 b5 14. cxb5 axb5 15. Kh2 Be6 16. d4 Nxd4 17. Nxd4 exd4 18. Qxd4 d5 19. exd5 Bf5 20. Rb3 Qd7 21. Bf4 Rbc8 22. d6 Rfd8 23. Be5 Be6 24. Rb2 Bxd6 25. Bxd6 Rc4 26. Qe3 Qxd6 27. Nxb5 Qb8 28. Nc3 Rxb4 29. Rxb4 Qxb4 30. Rb1 Qc4 31. Ne2 h6 32. Nf4 Bf5 33. Rc1 Qd4 34. Re1 Qxe3 35. Rxe3 Rd2 36. Re2 Rxe2 37. Nxe2 Be4 38. f3 Bd5 39. g4 Bc4 40. Nd4 Bd3 41. f4 g5 42. Kg3 Kg7 43. Bc6 Be4 44. Ba4 Nd5 45. f5 Nf4 46. Bb3 Kf6 47. Nb5 h5 48. Kh2 Ke7 49. Nc3 Bg2 50. gxh5 Bxh3 51. f6+ Kxf6 52. Ne4+ Kg7 53. Nxg5 Be6 1/2-1/2

[Event "SVK-chT2B 1718"]
[Site "Slovakia"]
[Date "2018.03.17"]
[Round "10.7"]
[White "Kurtulik, Andrej"]
[Black "Batora, Matej"]
[Result "1-0"]
[WhiteElo "1807"]
[BlackElo "1875"]
[PlyCount "89"]
[EventDate "2017.10.28"]
[EventType "team-tourn"]
[EventRounds "11"]
[EventCountry "SVK"]
[SourceTitle "EXT 2020"]
[Source "ChessBase"]
[SourceDate "2019.10.17"]
[SourceVersion "1"]
[SourceVersionDate "2019.10.17"]
[SourceQuality "1"]
[WhiteTeam "Prievidza"]
[BlackTeam "Tlmace"]
[WhiteTeamCountry "SVK"]
[BlackTeamCountry "SVK"]

1. e4 c5 2. d4 cxd4 3. Nf3 d6 4. Nxd4 Nf6 5. Nc3 a6 6. Be2 e6 7. Be3 Nbd7 8. 0-0 b5 9. f3 Bb7 10. Kh1 Be7 11. Qe1 0-0 12. Qg3 Re8 13. Bh6 Bf8 14. Bg5 Rc8 15. Bd3 Qb6 16. Nce2 Kh8 17. Qh4 Qc7 18. Ng3 h6 19. Qh3 Kg8 20. Bd2 Ne5 21. Bc3 Nxd3 22. cxd3 d5 23. Nde2 Nd7 24. Rac1 Qd6 25. a3 Nc5 26. e5 Qd8 27. d4 Na4 28. f4 a5 29. f5 Nxc3 30. Rxc3 Rxc3 31. Nxc3 b4 32. axb4 axb4 33. Nce2 Ba6 34. fxe6 fxe6 35. Qh5 Qd7 36. b3 Rc8 37. Qg6 Qe8 38. Qg4 Rc2 39. Ra1 Bxe2 40. Nxe2 Qc8 41. h4 Rc6 42. Nf4 Kh8 43. Ra7 Qb8 44. Rf7 Kg8 45. Rf6 1-0

[Event "SVK-ch U18/20"]
[Site "Liptovsky Mikulas"]
[Date "2017.04.28"]
[Round "9"]
[White "Harvan, Richard"]
[Black "Batora, Matej"]
[Result "1-0"]
[WhiteElo "2070"]
[BlackElo "1985"]
[PlyCount "49"]
[EventDate "2017.04.22"]
[EventType "swiss"]
[EventRounds "9"]
[EventCountry "SVK"]
[SourceTitle "CBM 178 Extra"]
[Source "ChessBase"]
[SourceDate "2017.06.22"]
[SourceVersion "1"]
[SourceVersionDate "2017.06.22"]
[SourceQuality "1"]

1. e4 c5 2. Nf3 d6 3. d4 cxd4 4. Nxd4 Nf6 5. Nc3 a6 6. h3 e6 7. g4 b5 8. Bg2 Bb7 9. 0-0 Nfd7 10. f4 b4 11. Nce2 Nc5 12. Ng3 Be7 13. g5 Nbd7 14. f5 0-0 15. Qg4 Kh8 16. Nh5 Qc7 17. Qh4 Rg8 18. fxe6 fxe6 19. Be3 Ne5 20. Nf4 Qd7 21. Nf3 Nxf3+ 22. Bxf3 g6 23. Nd3 Nxd3 24. cxd3 Rgf8 25. Bg4 1-0

[Event "SVK-chT1W 1617"]
[Site "Slovakia"]
[Date "2017.01.22"]
[Round "7.5"]
[White "Molnar, Erno"]
[Black "Batora, Matej"]
[Result "1-0"]
[WhiteElo "2183"]
[BlackElo "1928"]
[PlyCount "49"]
[EventDate "2016.10.15"]
[EventType "team-tourn"]
[EventRounds "11"]
[EventCountry "SVK"]
[SourceTitle "EXT 2018"]
[Source "ChessBase"]
[SourceDate "2017.10.13"]
[SourceVersion "1"]
[SourceVersionDate "2017.10.13"]
[SourceQuality "1"]
[WhiteTeam "Gabcikovo Russel"]
[BlackTeam "Nitra NSK"]
[WhiteTeamCountry "SVK"]
[BlackTeamCountry "SVK"]

1. e4 c5 2. Nf3 d6 3. d4 cxd4 4. Nxd4 Nf6 5. Nc3 a6 6. Bg5 e6 7. f4 Be7 8. Qf3 Qc7 9. 0-0-0 Nbd7 10. Bd3 b5 11. Rhe1 Bb7 12. Qg3 b4 13. Nd5 exd5 14. exd5 Kd8 15. Nc6+ Bxc6 16. dxc6 Nc5 17. Bh4 Nxd3+ 18. Rxd3 Nh5 19. Bxe7+ Qxe7 20. Rxe7 Nxg3 21. Rd7+ Kc8 22. Rxg3 g6 23. Rd3 Kb8 24. Rb7+ Kc8 25. Rxd6 1-0

[Event "SVK-ch U16"]
[Site "Liptovsky Mikulas"]
[Date "2016.04.22"]
[Round "8"]
[White "Batora, Matej"]
[Black "Bugar, Peter"]
[Result "0-1"]
[WhiteElo "1929"]
[BlackElo "1765"]
[PlyCount "66"]
[EventDate "2016.04.16"]
[EventType "swiss"]
[EventRounds "9"]
[EventCountry "SVK"]
[SourceTitle "CBM 172 Extra"]
[Source "ChessBase"]
[SourceDate "2016.06.21"]
[SourceVersion "1"]
[SourceVersionDate "2016.06.21"]
[SourceQuality "1"]

1. e4 e6 2. d4 d5 3. Nd2 Nf6 4. e5 Nfd7 5. Bd3 c5 6. c3 Nc6 7. Ne2 Qb6 8. Nf3 Be7 9. 0-0 0-0 10. Nf4 cxd4 11. cxd4 Kh8 12. Bb1 Qd8 13. Re1 Nb6 14. a3 a5 15. b3 Bd7 16. Qd3 g6 17. h4 Bxh4 18. Nxh4 Qxh4 19. g3 Qd8 20. Nh5 f5 21. exf6 Rf7 22. Bh6 gxh5 23. Bg7+ Rxg7 24. fxg7+ Kxg7 25. Qxh7+ Kf8 26. Bg6 Qf6 27. Rad1 Qg7 28. Qxh5 Ke7 29. Qh4+ Qf6 30. Qh7+ Kd6 31. Bb1 Nxd4 32. Re3 Rh8 33. Qd3 Qh6 0-1